| 000 | 00646nam a2200217Ia 4500 | ||
|---|---|---|---|
| 003 | GCL | ||
| 008 | 140319s9999 xx 000 0 ara d | ||
| 040 |
_aGCL / _cGCL |
||
| 082 | 0 | 4 |
_a190 _bى ت |
| 100 | 1 | _aيوسف كرم | |
| 245 | 1 | 0 |
_aتاريخ الفلسفة الحديثة / _cيوسف كرم |
| 250 | _aالخامسة | ||
| 260 |
_a[S.N] : _bدار المعارف |
||
| 300 |
_a478 ص ؛ _c24سم |
||
| 490 |
_aمكتبة الدراسات الفلسفية _v0 |
||
| 650 | 0 | 4 | _aالفلسفة |
| 650 | 0 | 4 | _aالفلسفة الحديثة |
| 650 | 0 | 4 | _aالفلاسفة |
| 650 | 0 | 4 | _aالفلسفة الغربية |
| 942 |
_2ddc _cBK |
||
| 999 |
_c59049 _d59049 |
||